Dividing a segment in a given ratio

Saved in:
Bibliographic Details
Main Author: Beskin, Nikolai Mikhailovich
Other Authors: Zhitomirskii, V. (Translator)
Format: Book
Language:English
Published: Moscow : Mir Publishers, 1975.
Series:Little mathematics library
Subjects:
Tags: Add Tag
No Tags, Be the first to tag this record!

MARC

LEADER 00000cam a2200000 a 4500
001 1/120334
008 191113s1975####ru | ||| |||| ||eng||
040 |a GR-MyUa  |b gre  |c GR-MyUa  |e AACR2 
041 1 |a eng 
082 7 |a 516.22  |2 (23) 
100 1 |a Beskin, Nikolai Mikhailovich. 
245 1 0 |a Dividing a segment in a given ratio /   |c N. M. Beskin ; translated from the Russian by V. Zhitomirsky.  
260 |a Moscow :   |b Mir Publishers,   |c 1975.  
300 |a 70,[1] σ. ;   |c 20 εκ.  
490 1 |a (Little Mathematics Library) 
500 |a Revised from 1973 Russian edition.  
650 0 |a Geometry, Plane 
700 1 |a Zhitomirskii, V.  |e trl 
830 0 |a Little mathematics library 
852 |a INST  |b SAMOS  |e 20191113  |h 516.22 BES  |p 005300035635  |q 005300035635  |t BK  |y 0 
970 |a Γουβάλα  |b Βάσω  |z 13-11-2019